|
|
|
|
| LEADER |
00000cam a2200000 4500 |
| 001 |
vtls012008995 |
| 003 |
SK-MaSNL |
| 005 |
20260301080456.0 |
| 008 |
201215s2020 xo gr 010 f slo |
| 015 |
|
|
|a SNBA2021/06
|
| 020 |
|
|
|a 9788055648224
|q (viazané)
|
| 040 |
|
|
|a SNK
|b slo
|c SNK
|e rda
|
| 041 |
0 |
|
|a slo
|
| 044 |
|
|
|a xo
|c SK
|
| 072 |
|
7 |
|a 821.162.4-3
|x Slovenská próza
|2 konspekt
|
| 080 |
|
|
|a 821.162.4-31
|2 2011
|
| 080 |
|
|
|a (0:82-312.4)
|2 2011
|
| 100 |
1 |
|
|a Dán, Dominik,
|d 1955-
|4 aut
|9 92276
|
| 245 |
1 |
0 |
|a V tieni
|c Dominik Dán ; editorka Zuzana Šeršeňová
|
| 250 |
|
|
|a Prvé vydanie
|
| 264 |
|
1 |
|a Bratislava
|b Slovart
|c 2020
|
| 300 |
|
|
|a 301 strán
|c 22 cm
|
| 336 |
|
|
|a text
|b txt
|2 rdacontent
|
| 337 |
|
|
|a bez média
|b n
|2 rdamedia
|
| 338 |
|
|
|a zväzok
|b nc
|2 rdacarrier
|
| 490 |
1 |
|
|a Denník dobrého detektíva
|
| 490 |
1 |
|
|a Slovenské TOP krimi
|
| 655 |
|
7 |
|a slovenské romány
|2 SNKPH
|9 70324
|
| 655 |
|
7 |
|a detektívne romány
|2 SNKPH
|9 70455
|
| 655 |
|
7 |
|a Slovak fiction
|2 SNKPHeng
|9 277096
|
| 655 |
|
7 |
|a Detective novels
|2 SNKPHeng
|9 121444
|
| 700 |
1 |
|
|a Šeršeňová, Zuzana,
|d 1969-
|4 edt
|9 218972
|
| 830 |
|
0 |
|a Denník dobrého detektíva
|9 326555
|
| 830 |
|
0 |
|a Slovenské TOP krimi
|9 339834
|
| 852 |
|
|
|a Štátna vedecká knižnica v Banskej Bystrici
|
| 919 |
|
|
|a 978-80-556-4822-4
|
| 958 |
|
|
|a LX
|
| 999 |
|
|
|c 653285
|d 655215
|
| 952 |
|
|
|a SNK
|b SNK
|y PREZ
|7 0
|p 17A1453586
|o snkSC 192770
|i snk2021/5529
|8 0
|0 0
|1 0
|4 0
|d 2021-05-24
|f 1
|l 0
|r 2025-10-09 00:00:00
|w 2026-02-23
|
| 952 |
|
|
|a SNK
|b SNK
|y NEVYP
|7 0
|p 17A1453587
|o snkSC 192770 D1
|i snk2021/5530
|8 0
|0 0
|1 0
|4 0
|d 2021-05-24
|l 0
|r 2026-02-23 18:28:12
|w 2026-02-23
|